000 00322nam a2200133Ia 4500
008 220216s9999 xx 000 0 und d
245 0 _aIndia has second thoughts over rubber in WTO parleys
260 _bPlanters Chronicle
_c2002
300 _a502
650 _aIndia
650 _aRubber
650 _aWTO
942 _cJS
999 _c61032
_d61032